Les heures de l'acropole /

Guardado en:
Autor Principal: Thibaudet, Albert
Formato: Libro
Publicado: Paris : Nouvelle Revue Francaise, 1913
Edición:2e.ed.
Materias:
Etiquetas: Agregar Etiqueta
Sin Etiquetas, Sea el primero en etiquetar este registro!
LEADER 00500nam a22001695a 4500
001 EHU.bham016821
003 AR-BHAM
005 20100517154206.0
008 130507s1913##################000#0#####d
082 7 2 |a 722.8 
100 1 |a Thibaudet, Albert 
245 1 0 |a Les heures de l'acropole /  |c Albert Thibaudet 
250 |a 2e.ed. 
260 |a Paris :  |b Nouvelle Revue Francaise,  |c 1913 
300 |a 262 p. 
653 |a Arquitectura griega 
859 |a AR-BHAM  |b BIB. HUMANIDADES - Arturo Marasso  |h 722.8  |i T346  |p 897.57  |t Ej.1  |v M